| 000 | 00778nam a2200241 a 4500 | ||
|---|---|---|---|
| 001 | 000010692 | ||
| 005 | 20250129121827.0 | ||
| 008 | 091009s1984 dr a r 000 p spa d | ||
| 040 |
_aDO-SdBNP _bspa _cBNPHU |
||
| 082 |
_aRD861.44 _bM632u |
||
| 100 | 1 |
_aMieses, Juan Carlos, _d1947- _925472 |
|
| 245 | 1 | 0 |
_aUrbi et Orbi / _cJuan Carlos Mieses ; edición Freddy Gatón Arce. |
| 260 |
_aSanto Domingo : _bTaller, _c1984. |
||
| 300 |
_a74 p. : _bil. ; _c23 cm. |
||
| 490 | 1 |
_aPoesía _v5 |
|
| 586 | _aPremio Siboney 1983 | ||
| 590 | _aInventariado, 2018/BT | ||
| 650 | 0 |
_aPoesía dominicana _966 |
|
| 650 | 0 |
_aLiteratura dominicana. _967 |
|
| 700 | 1 |
_aGatón Arce, Freddy, _d1920-1994 _eed. _97946 |
|
| 830 | 0 |
_aPoesía _n5 _925893 |
|
| 910 | _aValidado. Control de calidad. MMOLINA | ||
| 999 |
_c10447 _d10447 |
||